=LDR 00000nam 2200000 4500 =001 INLIS000000000024972 =005 20200324073253 =035 ##$$a 0010-061300000024972 =008 200324################g##########0#ind## =041 ##$$a Ind =082 ##$$a 297 =090 ##$$a 297, Ass a =100 1#$$a Assiba'i, Musthafa =245 1#$$a Al-Hadits sebagai sumber hukum serta latar belakang historisnya /$c Dr. Musthafa Assiba'i =260 ##$$a Bandung :$b cv. Diponegoro,$c 1985 =300 ##$$a 382 hlm, ; $c 13 x 19 cm =650 #4$$a Hadits =850 ##$$a NBPNMAT =084 ##$$a 297 ASS a =250 ##$$a cet.2 =990 ##$$a 01201901402